Toutes les Méga-Évolutions et Primo-Résurgences de Pokémon - Statistiques

Statistiques générales
  • Ce quiz a été pris 132 fois
    56 depuis la dernière actualisation
  • Le résultat moyen est 84 sur 95
Statistiques - réponses
Génération Nom Type(s) Jeu d'introduction % Correct
3 0359 Méga-Absol Ténèbres XY
100%
3 0359 Méga-Absol Z Ténèbres/Spectre LPZA
100%
1 0015 Méga-Dardargnan Insecte/Poison ROSA
100%
4 0491 Méga-Darkrai Ténèbres LPZA
100%
1 0006 Méga-Dracaufeu X Feu/Dragon XY
100%
1 0006 Méga-Dracaufeu Y Feu/Vol XY
100%
1 0149 Méga-Dracolosse Dragon/Vol LPZA
100%
1 0003 Méga-Florizarre Plante/Poison XY
100%
1 0036 Méga-Mélodelfe Fée/Vol LPZA
100%
1 0026 Méga-Raichu X Électrik LPZA
100%
1 0026 Méga-Raichu Y Électrik LPZA
100%
1 0018 Méga-Roucarnage Normal/Vol ROSA
100%
1 0009 Méga-Tortank Eau XY
100%
2 0160 Méga-Aligatueur Eau/Dragon LPZA
96%
1 0094 Méga-Ectoplasma Spectre/Poison XY
96%
4 0398 Méga-Étouraptor Combat/Vol LPZA
96%
9 0998 Méga-Glaivodo Dragon/Glace LPZA
96%
1 0115 Méga-Kangourex Normal XY
96%
4 0448 Méga-Lucario Combat/Acier XY
96%
4 0448 Méga-Lucario Z Combat/Acier LPZA
96%
2 0154 Méga-Méganium Plante/Fée LPZA
96%
3 0384 Méga-Rayquaza Dragon/Vol ROSA
96%
3 0383 Primo-Groudon Sol/Feu ROSA
96%
3 0382 Primo-Kyogre Eau ROSA
96%
1 0065 Méga-Alakazam Psy XY
92%
4 0460 Méga-Blizzaroi Plante/Glace XY
92%
3 0257 Méga-Braségali Feu/Combat XY
92%
6 0701 Méga-Brutalibré Combat/Vol LPZA
92%
4 0445 Méga-Carchacrok Dragon/Sol XY
92%
4 0445 Méga-Carchacrok Z Dragon LPZA
92%
6 0719 Méga-Diancie Roche/Fée ROSA
92%
3 0282 Méga-Gardevoir Psy/Fée XY
92%
4 0485 Méga-Heatran Feu/Acier LPZA
92%
3 0254 Méga-Jungko Plante/Dragon ROSA
92%
6 0691 Méga-Kravarech Poison/Dragon LPZA
92%
3 0260 Méga-Laggron Eau/Sol ROSA
92%
3 0380 Méga-Latias Dragon/Psy ROSA
92%
3 0381 Méga-Latios Dragon/Psy ROSA
92%
1 0130 Méga-Léviator Eau/Ténèbres XY
92%
3 0376 Méga-Métalosse Acier/Psy ROSA
92%
1 0150 Méga-Mewtwo X Psy/Combat XY
92%
1 0150 Méga-Mewtwo Y Psy XY
92%
5 0604 Méga-Ohmassacre Électrik LPZA
92%
5 0500 Méga-Roitiflam Feu/Combat LPZA
92%
1 0127 Méga-Scarabrute Insecte/Vol XY
92%
6 0658 Méga-Amphinobi Eau/Ténèbres LPZA
88%
5 0545 Méga-Brutapode Insecte/Poison LPZA
88%
3 0323 Méga-Camérupt Feu/Sol ROSA
88%
2 0212 Méga-Cizayox Insecte/Acier XY
88%
2 0229 Méga-Démolosse Ténèbres/Feu XY
88%
3 0373 Méga-Drattak Dragon/Vol ROSA
88%
3 0310 Méga-Élecsprint Électrik XY
88%
1 0071 Méga-Empiflor Plante/Poison LPZA
88%
3 0358 Méga-Éoko Psy/Acier LPZA
88%
3 0306 Méga-Galeking Acier XY
88%
4 0475 Méga-Gallame Psy/Combat ROSA
88%
6 0655 Méga-Goupelin Feu/Psy LPZA
88%
5 0609 Méga-Lugulabre Spectre/Feu LPZA
88%
4 0478 Méga-Momartik Glace/Spectre LPZA
88%
3 0303 Méga-Mysdibule Acier/Fée XY
88%
5 0531 Méga-Nanméouïe Normal/Fée ROSA
88%
2 0181 Méga-Pharamp Électrik/Dragon XY
88%
1 0142 Méga-Ptéra Roche/Vol XY
88%
3 0319 Méga-Sharpedo Eau/Ténèbres ROSA
88%
1 0121 Méga-Staross Eau/Psy LPZA
88%
2 0208 Méga-Steelix Acier/Sol ROSA
88%
3 0302 Méga-Ténéfix Ténèbres/Spectre ROSA
88%
7 0807 Méga-Zeraora Électrik LPZA
88%
6 0652 Méga-Blindépique Plante/Combat LPZA
83%
3 0308 Méga-Charmina Combat/Psy XY
83%
1 0080 Méga-Flagadoss Eau/Psy ROSA
83%
5 0623 Méga-Golemastoc Sol/Spectre LPZA
83%
6 0689 Méga-Golgopathe Roche-Combat LPZA
83%
7 0801 Méga-Magearna Acier/Fée LPZA
83%
9 0978 Méga-Nigirigon Dragon/Eau LPZA
83%
3 0362 Méga-Oniglali Glace ROSA
83%
2 0214 Méga-Scarhino Insecte/Combat XY
83%
9 0952 Méga-Scovilain Plante/Feu LPZA
83%
2 0248 Méga-Tyranocif Roche/Ténèbres XY
83%
6 0718 Méga-Zygarde Dragon/Sol LPZA
83%
2 0227 Méga-Airmure Acier/Vol LPZA
79%
3 0334 Méga-Altaria Dragon/Fée ROSA
79%
7 0780 Méga-Draïeul Normal/Dragon LPZA
79%
8 0870 Méga-Hexadron Combat LPZA
79%
5 0530 Méga-Minotaupe Sol/Acier LPZA
79%
6 0668 Méga-Némélios Feu/Normal LPZA
79%
6 0687 Méga-Sepiatroce Ténèbres/Psy LPZA
79%
7 0740 Méga-Crabominable Combat/Glace LPZA
75%
6 0670 Méga-Floette (Fleur Éternelle) Fée LPZA
75%
9 0970 Méga-Floréclat Roche/Poison LPZA
75%
6 0678 Méga-Mistigrix Psy LPZA
75%
5 0560 Méga-Baggaïd Ténèbres/Combat LPZA
71%
4 0428 Méga-Lockpin Normal/Combat ROSA
71%
7 0768 Méga-Sarmuraï Insecte/Acier LPZA
67%
3 0354 Méga-Branette Spectre XY
63%
Aucun quiz correspondant
Distribution des résultats
% des personnes avec chaque résultat
Percentile par nombre de réponses
Votre historique - résultats
Vous n’avez pas pris ce quiz depuis la dernière actualisation